| 000 | 01408cam a2200373 i 4500 | ||
|---|---|---|---|
| 003 | EG-GICUC | ||
| 005 | 20260205112202.0 | ||
| 008 | 020724s2002 enk frb 001 0 eng d | ||
| 020 | _a0198765533 | ||
| 020 | _a9780198765530 | ||
| 040 |
_aDLC _cDLC _dDLC _dEG-GICUC _beng _erda |
||
| 050 | 0 | 0 |
_aK3585.4 _b.B57 2002 |
| 082 | 0 | 0 |
_a341.044 _221 |
| 092 | 0 | 4 | _221 |
| 099 | _aLaw 11 2002 | ||
| 100 | 1 | _aBirnie, Patricia W. | |
| 245 | 1 | 0 |
_aInternational law and the environment / _cP. W. Birnie and A. E. Boyle. |
| 246 | 1 | 4 | _aInternational law & the environment |
| 250 | _a2nd edition. | ||
| 264 |
_aOxford ; _aNew York : _bOxford University Press, _c2002. |
||
| 300 |
_axxx, 798 pages ; _c25 cm. |
||
| 336 |
_atext _2rdacontent |
||
| 337 |
_aComputer _2rdamedia |
||
| 338 |
_aOnline Resource _2rdacarrier |
||
| 504 | _aIncludes bibliographical references (p. [757]-777) and index. | ||
| 650 | 0 | _aEnvironmental law, International. | |
| 700 | 1 | _aBoyle, Alan E. | |
| 856 | 4 | 2 | _uhttps://fll.law.cu.edu.eg/fulltext/bks/ENGB11-00127.pdf |
| 856 | 4 | 2 |
_3Publisher description _uhttp://www.loc.gov/catdir/enhancements/fy0614/2002284838-d.html |
| 856 | 4 | 1 |
_3Table of contents only _uhttp://www.loc.gov/catdir/enhancements/fy0614/2002284838-t.html |
| 856 | 4 | 2 |
_3Contributor biographical information _uhttp://www.loc.gov/catdir/enhancements/fy0724/2002284838-b.html |
| 905 | _a10 | ||
| 942 |
_2ddc _cBK _e21 _n0 |
||
| 999 |
_c61202 _d61202 |
||